banner-ar

That's the Way I See it / (Record no. 66530)

MARC details
000 -الفاتح
حقل البيانات ثابتة الطول 00507nam a2200193Ia 4500
005 - وقت وتاريخ اخر تعامل مع التسجيلة
رقم الضبط 20240530110924.0
008 - عناصر البيانات ثابتة الطول - معلومات عامة
حقل البيانات ثابتة الطول 140319s1993 xxkaf f 000 0 eng d
020 ## - الرقم الدولى المعيارى للكتب
الرقم الدولى المعيارى للكتاب 0500092133
040 ## - مصدر الفهرسة
وكالة الفهرسة الأصلية GCL /
وكالة النسخ GCL
082 04 - رقم تصنيف ديوى العشرى
رقم التصنيف 759/
رقم المادة H T
100 1# - المدخل الرئيسى - إسم شخصى
الإسم الشخصى Hockney, David
245 10 - بيان العنوان
العنوان That's the Way I See it /
بيان المسئوليه,etc David Hockney
260 ## - PUBLICATION, DISTRIBUTION, ETC. (IMPRINT)
تاريخ النشر أو التوزيع 1993.
300 ## - الوصف المادى
التعداد 248 p. :
تفاصيل ماديه اخرى للوعاء ill ;
أبعاد الوعاء 30 cm.
650 04 - المدخل الاضافى بالموضوع-مصطلح موضوعى
مصطلح موضوعي Painting
650 04 - المدخل الاضافى بالموضوع-مصطلح موضوعى
مصطلح موضوعي MODERN PAINTING HISTORY
942 ## - عناصر المدخل الإضافي( كوها)
مصدر التصنيف او مخطط الترفيف Dewey Decimal Classification
Koha [default] item type كتاب
260 ## - PUBLICATION, DISTRIBUTION, ETC. (IMPRINT)
-- London :
-- Thames and Hudson،
Holdings
حالة التراجع حالة الفقد مصدر التصنيف او خطة الترفيف حالة تلف ليس للاعارة المكان المؤقت الموقع الحالى موقع الترفيف تاريخ الاكتساب اجمالي اﻻعارات رقم الطلب الباركود تاريخ اخر مشاهدة تاريخ تفعيل السعر نوع وعاء كوها
    ddc     مكتبة القاهرة الكبرى مكتبة القاهرة الكبرى   06/21/2022   759/ H T 168099 06/21/2022 06/21/2022 كتاب

Powered By

EGPV